Diseño y construcción de una obra de toma para las paralelas del proyecto de riego Itiquis, Alajuela, Costa Rica
Wedi'i Gadw mewn:
| Prif Awdur: | |
|---|---|
| Fformat: | Llyfr |
| Cyhoeddwyd: |
San José, Costa Rica
1981
|
| Tagiau: |
Ychwanegu Tag
Dim Tagiau, Byddwch y cyntaf i dagio'r cofnod hwn!
|
MARC
| LEADER | 00000nam a2200000Ia 4500 | ||
|---|---|---|---|
| 003 | 005289 | ||
| 005 | 20221231144326.0 | ||
| 008 | 140114s1981 cr a m 000 ||s d | ||
| 040 | |c cru CEDI | ||
| 090 | |a TFG 2515 | ||
| 100 | |a Bonilla Ureña, José Francisco |9 12641 | ||
| 245 | |a Diseño y construcción de una obra de toma para las paralelas del proyecto de riego Itiquis, Alajuela, Costa Rica | ||
| 260 | |c 1981 |a San José, Costa Rica | ||
| 300 | |a 46 hojas :ilustraciones | ||
| 500 | |a Proyecto de graduación (bachiller en Ingeniería Agrícola)--Universidad de Costa Rica. Facultades de Ingeniería y Agronomia. Carrera de Ingeneiría Agrícola | ||
| 942 | |c TFG |2 ddc | ||
| 999 | |c 20195 |d 20195 | ||
